00539nam a22001817a 4500003001100000005001700011008004100028040003900069041000800108082001600116100002200132245002700154260005000181650001300231942000700244952009100251999001500342LK-CoMWRAF20231002145305.0231002b |||||||| |||| 00| 0 eng d aLK-CoMWRAFdLK-CoMWRAFeLK-CoMWRAF aeng a294.24bNYA aNyanatiloka, Himi aThe Word of the Buddha a Kandy :bBuddhist publication society,c1971 aBuddhist cBK 00104070aMAINbMAINd2023-10-02l0o294.24 NYApRAF2078r2023-10-02w2023-10-02yBK c3770d3770